01655nam a2200265Ia 4500001000600000003000900006008004100015040001300056040001300069041001300082100001800095100002900113240005900142240003500201245006200236245006300298250001100361260001100372260001000383260004900393300005700442500082700499650003201326650003101358C0719IT-RoPAU130308s9999 xx 000 0 und d aIT-RoPAU cIT-RoPAU aITALIANO aBazin Germain gCodice Aut. SPICS: 10125 aHISTOIRE DE L'HISTOIRE DE L'ART. DE VASARI a NOS JOURS gCodice Tit. Orig. Spics: T2751 aStoria della storia dell'arte. da Vasari ai nostri giorni bStoria della storia dell'arte . da Vasari Ai Nostri Giorni a1a ed. aNAPOLI bGuida c1993 [1° Ed.:1993 - Ed.Ling.Originale:1986] a"728 p. (prefazione: no ; testo: 728 [pagine: 0-0])" aArti meccaniche e Arti Liberali. Alba della Storia dell'arte nel Quattrocento. Predecessori di Vasari. Emuli di Vasari. Manierismo, Accademismo e Classicismo. Recupero del Gotico. Nascita della Critica d'arte . Dalla Storia dell'arte Alla Scienza dell'arte : Nascita dell'Archeologia Nazionale e del gusto per I primitivi nel nord dell'Europa, Seduzioni del Determinismo, Rinascimento Ritrovato e Perduto, Scuola di Vienna, Pura Visibilità e Vita delle Forme, Iconografia e Iconologia, Psicologia e Psicanalisi, Recuperi del Determinismo e del Formalismo, ritorno al Capolavoro. vie e Mezzi: Sapere Enciclopedico, Rivoluzione nel Mondo delle Immagini, Aiuto della Scienza. Territori: Italia, Spagna, Portogallo, America Latina, Francia, paesi Bassi, Inghilterra, paesi Germanici e Stati Uniti. Lungi Il Filo del Tempo. aENCICLOPEDIE DI ESTETOLOGIA eCodice materia Spics: 5101